| 000 | 01323nam a2200337Ia 4500 | ||
|---|---|---|---|
| 001 | ebr10231546 | ||
| 003 | CaPaEBR | ||
| 006 | m u | ||
| 007 | cr cn||||||||| | ||
| 008 | 071024s2008 nyua sb 001 0 eng d | ||
| 010 | _z 2007044284 | ||
| 020 | _z9780849340246 (hb : alk. paper) | ||
| 020 | _z0849340241 (hb : alk. paper) | ||
| 040 |
_aCaPaEBR _cCaPaEBR |
||
| 035 | _a(OCoLC)646750635 | ||
| 050 | 1 | 4 |
_aRS192 _b.P465 2008eb |
| 245 | 0 | 0 |
_aPharmaceutical project management _h[electronic resource] / _cedited by Tony Kennedy. |
| 250 | _a2nd ed. | ||
| 260 |
_aNew York : _bInforma Healthcare, _cc2008. |
||
| 300 |
_avii, 248 p. : _bill. |
||
| 490 | 1 |
_aDrugs and the pharmaceutical sciences ; _v182 |
|
| 504 | _aIncludes bibliographical references and index. | ||
| 533 |
_aElectronic reproduction. _bPalo Alto, Calif. : _cebrary, _d2011. _nAvailable via World Wide Web. _nAccess may be limited to ebrary affiliated libraries. |
||
| 650 | 0 | _aPharmaceutical industry. | |
| 650 | 0 | _aProject management. | |
| 655 | 7 |
_aElectronic books. _2local |
|
| 700 | 1 |
_aKennedy, Tony, _d1948- |
|
| 710 | 2 | _aebrary, Inc. | |
| 830 | 0 |
_aDrugs and the pharmaceutical sciences ; _v182. |
|
| 856 | 4 | 0 |
_uhttp://site.ebrary.com/lib/rucke/Doc?id=10231546 _zAn electronic book accessible through the World Wide Web; click to view |
| 999 |
_c39783 _d39783 |
||